| 000 | 01262cam a2200361 a 4500 | ||
|---|---|---|---|
| 001 | 14740998 | ||
| 003 | CEME | ||
| 005 | 20210628201556.0 | ||
| 008 | 070221s2008 flua b 001 0 eng | ||
| 010 | _a 2007007536 | ||
| 015 |
_aGBA772113 _2bnb |
||
| 016 | 7 |
_a013763143 _2Uk |
|
| 020 | _a9781420054330 (alk. paper) | ||
| 020 | _a1420054333 (alk. paper) | ||
| 020 | _a1420054341 | ||
| 020 | _a9781420054347 | ||
| 035 | _a(OCoLC)ocm85485011 | ||
| 035 | _a(OCoLC)85485011 | ||
| 040 |
_aDLC _cDLC _dBTCTA _dBAKER _dC#P _dYDXCP _dUKM _dDLC |
||
| 050 | 0 | 0 |
_aTA418.9.C6 _bB368 2008 |
| 082 | 0 | 0 |
_a620.1/18 _222 |
| 100 | 1 |
_aBarbero, Ever J. _955909 |
|
| 245 | 1 | 0 |
_aFinite element analysis of composite materials / _cEver J. Barbero. |
| 260 |
_aBoca Raton : _bCRC Press, _cc2008. |
||
| 300 |
_axxv, 331 p. : _bill. ; _c26 cm. |
||
| 504 | _aIncludes bibliographical references and index. | ||
| 650 | 0 |
_aComposite materials _xMathematical models. _955910 |
|
| 650 | 0 |
_aFinite element method. _91938 |
|
| 650 | 0 |
_aANSYS (Computer system) _920058 |
|
| 856 | 4 | 1 |
_3Table of contents only _uhttp://www.loc.gov/catdir/toc/ecip0711/2007007536.html |
| 856 | 4 | 2 |
_3Publisher description _uhttp://www.loc.gov/catdir/enhancements/fy0807/2007007536-d.html |
| 942 |
_2ddc _cBK |
||
| 999 |
_c566523 _d566523 |
||